Essentials of pathology / (Record no. 115277)

MARC details
000 -LEADER
fixed length control field 00677nam a2200241 a 4500
008 - FIXED-LENGTH DATA ELEMENTS--GENERAL INFORMATION
fixed length control field
020 ## - INTERNATIONAL STANDARD BOOK NUMBER
International Standard Book Number 0702023949 (pbk.)
049 ## - LOCAL HOLDINGS (OCLC)
Holding library MAIN
090 ## - LOCALLY ASSIGNED LC-TYPE CALL NUMBER (OCLC); LOCAL CALL NUMBER (RLIN)
Classification number (OCLC) (R) ; Classification number, CALL (RLIN) (NR) RB123
Local cutter number (OCLC) ; Book number/undivided call number, CALL (RLIN) WOO
003 - CONTROL NUMBER IDENTIFIER
control field
005 - DATE AND TIME OF LATEST TRANSACTION
control field 20230120204009.0
040 ## - CATALOGING SOURCE
Transcribing agency NUST
100 1# - MAIN ENTRY--PERSONAL NAME
Personal name Woolf, Neville.
245 10 - TITLE STATEMENT
Title Essentials of pathology /
Statement of responsibility, etc. Neville Woolf, Andrew Wotherspoon and Martin Young.
260 ## - PUBLICATION, DISTRIBUTION, ETC.
Place of publication, distribution, etc. Edinburgh :
Name of publisher, distributor, etc. Saunders,
Date of publication, distribution, etc. 2000.
300 ## - PHYSICAL DESCRIPTION
Extent xii, 986 p. ;
Dimensions 18 cm.
500 ## - GENERAL NOTE
General note Includes index.
650 #1 - SUBJECT ADDED ENTRY--TOPICAL TERM
Topical term or geographic name entry element Pathology.
700 ## - ADDED ENTRY--PERSONAL NAME
Personal name Young, Martin.
700 ## - ADDED ENTRY--PERSONAL NAME
Personal name Wotherspoon, Andrew.
907 ## - LOCAL DATA ELEMENT G, LDG (RLIN)
a .b10259004
b 16-02-11
c 09-12-08
942 ## - ADDED ENTRY ELEMENTS (KOHA)
Koha item type Ordinary Loan Books
Call number prefix RB123
Call number suffix WOO
Holdings
Date last seen Total Checkouts Full call number Barcode Cost, replacement price Price effective from Koha item type Lost status Source of classification or shelving scheme Damaged status Not for loan Collection Withdrawn status Home library Current library Shelving location Date acquired Cost, normal purchase price
01/20/2023 28 RB123 WOO 92004009769 80.00 01/20/2023 BOOKS   lcc     NFIC   Medical Medical GEN 01/20/2023 80.00